Statistiques concernant Quiz ultime Game of thrones (ASOIAF) : Les maisons nobles

Cliquez ici pour prendre le quiz!

Statistiques générales

  • Ce quiz a été pris 205 fois
  • Le résultat moyen est 49 sur 560

Statistiques - réponses

Réponse% Correct
NordStark
99%
NordWinterfell
83%
Terres de l'OuestLannister
79%
Terres de l'orage | Terres de la CouronneBaratheon
78%
NordWinter is coming / L'hiver vient
78%
Iles de ferGreyjoy
77%
Terres de la CouronneTargaryen
75%
ConflansTully
75%
NordBolton
74%
NordKarstark
72%
Val d'ArrynArryn
67%
DorneMartell
65%
BiefTyrell
65%
NordMormont
60%
Terres de l'OuestUn lion d'or rugissant sur champ écarlate
60%
ConflansFrey
56%
Terres de l'OuestCastral Roc / Port Lannis
53%
NordOmble
52%
Terres de l'orage | Terres de la CouronneAccalmie
47%
Terres de la CouronnePeyredragon / Lestival
46%
BiefHautjardin
43%
Terres de l'OuestHear me roar / Je rugis
43%
Iles de ferPyk
43%
BiefTarly
42%
NordFort-Terreur
41%
Terres de la CouronneFire and blood / Feu et sang
40%
ConflansVivesaigues
40%
Terres de l'OuestClegane
39%
NordUn loup-garou gris sur champ de neige immaculé
39%
BiefUne rose d'or sur champ vert
38%
ConflansUne truite argentée sautant sur champ bleu et rouge
38%
Iles de ferWe do not sow / Nous ne semons pas
37%
NordManderly
36%
NordGlover
35%
Terres de la CouronnePort-Réal
35%
NordUn écorché rouge sur champ rose de sang
35%
Nordles Rus
33%
BiefHightower
32%
NordReed
32%
ConflansLes Jumeaux
31%
Val d'ArrynLes Eyrie
30%
Terres de l'orage | Terres de la CouronneOurs is the fury / Nôtre est la fureur
30%
Val d'ArrynBaelish
29%
Terres de la CouronneVelaryon
29%
DorneLancehélion / Les Jardins Aquatiques
28%
NordKarhold
26%
Terres de l'orage | Terres de la CouronneUn cerf noir couronné sur champ d'or
26%
Terres de l'orageDondarrion
23%
ConflansHarrenhal
23%
NordÎle-aux-Ours
23%
Terres de l'orageTorth
23%
NordÂtre-lès-Confins
22%
Val d'ArrynRoyce
22%
Iles de ferUne seiche d'or sur champ noir
22%
DorneLe Tor
21%
Terres de l'orageSelmy
21%
NordBlancport
20%
ConflansFamily, Duty, Honor / Famille, Devoir, Honneur
20%
Terres de l'OuestPayne
19%
NordCorbois
18%
NordDustin
18%
Terres de la CouronneUn dragon tricéphale rouge, crachant du feu, sur champ noir
18%
ConflansUne aigle d'argent éployée sur champ indigo
18%
NordCerwyn
17%
ConflansBracken
16%
BiefGrand-Tour / Villevieille
16%
Terres de l'orageMervault
16%
NordMotte-la-Forêt
16%
ConflansMouton
16%
ConflansNerbosc
16%
Terres de l'orageTrant
16%
DorneUnbowed, unbent, Unbroken / Insoumis, Invaincus, Intacts
16%
Val d'ArrynAs High As Honor / Aussi haute qu'Honneur
15%
BiefCorcolline
15%
ConflansMallister
14%
Terres de la CouronneMarée Haute / Lamarck
14%
NordTrois seaux bruns sur champ bleu bordé de damiers gris et blancs
14%
Terres de la CouronneCeltigar
13%
BiefFlorent
13%
Iles de ferHarloi
12%
NordTallhart
12%
Val d'ArrynUn faucon bleu ciel volant devant une lune blanche, sur champ bleu ciel
12%
NordFort-Griseaux
11%
BiefGrowing Strong / Croître avec vigueur
11%
DorneLes météores
11%
NordOur Blades are Sharp / Nos lames sont acérées
11%
BiefRedwyne
11%
Terres de la CouronneSlynt
11%
NordUn ours noir sur champ de bois vert
11%
DorneUn soleil rouge transpercé par une lance dorée sur champ orange
11%
ConflansDarry
10%
Terres de l'OuestOuestrelin
10%
Val d'ArrynRoche-aux-runes
10%
Terres de la CouronneRosby
10%
NordRyswell
10%
Terres de l'orageConnington
9%
Val d'ArrynCorbray
9%
ConflansCorneilla
9%
ConflansDeux tours jumelles bleues sur un champ gris argenté
9%
NordHere We Stand / Ici nous demeurons
9%
Val d'ArrynLes doigts
9%
Terres de la CouronneSombreval
9%
Terres de l'orageSwann
9%
Terres de l'OuestTrois chiens noirs courant sur un champ jaune
9%
NordUn triton blanc, aux cheveux, barbe et queue verts, un trident noir à la main, sur champ bleu-vert
9%
Val d'ArrynVanbois
9%
ConflansWhent
9%
Terres de l'orageCaron
8%
Terres de la CouronneCastelfoyer
8%
Terres de l'OuestCrakehall
8%
Terres de l'orageEstremont
8%
BiefLa Treille
8%
Terres de la CouronnePince-isle
8%
NordQuart-Torrhen
8%
NordThe Sun of Winter / Le soleil de l'hiver
8%
NordUne échappée blanche sur champ noir / Un soleil blanc sur champ noir
8%
Terres de la CouronneUn hippocampe d'argent sur champ vert-océan
8%
ConflansUn saumon rouge sur champ blanc, un trescheur doré
8%
Iles de ferBotley
7%
Terres de l'OuestCastamere
7%
Val d'ArrynGoëville
7%
NordLocke
7%
Terres de l'OuestLorch
7%
BiefMerryweather
7%
Val d'ArrynTallett
7%
Terres de la CouronneBar Emmon
6%
BiefCendregué
6%
NordChâteauvieux
6%
Terres de l'orageDeux griffons combattant contre-chargés sur champ parti de rouge et de blanc
6%
Terres de l'OuestFalaise
6%
DorneFerboys
6%
DorneForrest
6%
NordLa Tertrée / Tertre-bourg
6%
Terres de l'orageLa Vesprée
6%
NordLa Veuve
6%
Terres de la CouronneMassey
6%
Iles de ferMorru
6%
Iles de ferNoirmarées
6%
NordNorroit
6%
ConflansPetibois
6%
NordProud and Free / Fiers et libres
6%
BiefRowan
6%
ConflansSalvemer
6%
Terres de la CouronneStaunton
6%
NordStout
6%
Terres de l'OuestSwyft
6%
Terres de la CouronneThe Old, the True, the Brave / L'Ancien, le Vrai, le Brave
6%
DorneUller
6%
ConflansUn écusson noir chargé d'un barral blanc sur un champ de gueule semé de corbeaux noirs prenant leur essor
6%
BiefUne pomme rouge sur champ d'or
6%
NordUn lézard-lion noir sur champ gris-vert
6%
Terres de la CouronneUn semis de crabes rouges sur champ blanc
6%
Val d'ArrynVeneur
6%
Iles de fervieux-Wyk
6%
Iles de ferVieux Wyk
6%
BiefWe light the way / Nous éclairons la voie
6%
Terres de l'orageWylde
6%
Val d'ArrynBelmore
5%
Terres de l'OuestBrax
5%
NordCastel-Cerwyn
5%
BiefCaswell
5%
Terres de la CouronneCrabbe / Grinche
5%
BiefCrane
5%
NordDeux haches rouillées aux manches noirs croisées, une couronne noire entre leurs pointes, sur champ jaune
5%
BiefDu Rouvre
5%
NordEver Vigilant / Toujours vigilants
5%
Terres de l'orageFell
5%
BiefFirst in battle / Premiers au combat
5%
NordFlint de la veuve
5%
Val d'ArrynGrafton
5%
Terres de l'orageHavrenoir
5%
NordHoned and ready / Aiguisés et prêts
5%
Terres de l'orageLa griffonière
5%
Terres de l'OuestLefford
5%
NordLideuil
5%
Iles de ferMerlyn
5%
ConflansNeuf chauves-souris noires, 4-3-2, sur champ jaune
5%
BiefRubriant
5%
Terres de la CouronneRykker
5%
Iles de ferTimbal
5%
NordTrois vigiers verts sur champ brun / Trois pins verts sur champ brun
5%
ConflansUn écusson doré chargé d'un étalon rouge, sur champ marron
5%
NordUne hache de guerre noire sur champ argenté
5%
BiefUne pomme verte sur champ d'or
5%
NordUne tête de cheval noire aux yeux et à la crinière rouges sur champ de bronze à bordure noire engrêlée
5%
NordUn poing ganté de mailles, d'argent sur champ écarlate
5%
NordWull
5%
ConflansAbove the Rest / Au-dessus du reste
4%
DorneAllyrion
4%
Val d'ArrynArryn de Goëville
4%
Val d'ArrynAs Strong as Stone / Solides comme le roc
4%
Terres de l'OuestAwake! Awake! / Debout ! Debout !
4%
BiefBehold Our Bounty / Contemplez notre générosité
4%
Terres de l'OuestBelcastel
4%
BiefBoisdoré
4%
Iles de ferBonfrère de Cormartel
4%
Iles de ferBonfrère de Shatterstone
4%
Iles de ferBonfrère d'Orkmont
4%
Val d'ArrynBrisants / Dolcesœur
4%
BiefBulwer
4%
Terres de l'OuestBurning Bright / Brûlant vivement
4%
Terres de l'OuestCendremarc
4%
BiefChester
4%
Terres de l'OuestCome Try Me / Viens m'essayer
4%
Val d'ArrynCordial
4%
Iles de ferCormartel
4%
Terres de l'orageCossepois
4%
BiefCostayne
4%
DorneDalt
4%
DorneDayne des Météores
4%
BiefDeath Before Disgrace / La mort avant la disgrâce
4%
DorneDenfert
4%
NordDes clés en bronze, croisées sur un pal blanc, sur champ violet
4%
BiefDes Essaims
4%
Iles de ferDix-tours / Château d'Harloi / Tour des Moires / Grisjardin / Colline Mégère
4%
Terres de l'orageErrol
4%
Terres de l'OuestFarman
4%
Terres de la CouronneFengué
4%
Terres de l'OuestFeux-de-joie
4%
BiefFroide-Douve
4%
NordGoldgrass
4%
Terres de l'orageGrandison
4%
BiefGrimm
4%
ConflansHaye-Pierre
4%
Terres de l'OuestI have no rival / Je n'ai nul rival
4%
DorneJordayne
4%
NordKnott
4%
Terres de l'OuestLa dent d'or
4%
ConflansLa Glandée
4%
Terres de l'orageLe Fenil
4%
Terres de l'OuestLépicier
4%
Terres de l'orageLes Éteules
4%
Terres de l'orageLonbec
4%
Val d'ArrynLonguesœur
4%
BiefLonguetable
4%
Iles de ferLordsport
4%
Val d'ArrynLynderly
4%
Iles de ferMaisonpierre
4%
Terres de l'OuestMarpheux
4%
BiefMielbois
4%
Terres de l'orageMorrigen
4%
Val d'ArrynNeufétoiles
4%
Val d'ArrynNeuf étoiles, l'une à sept branches et le reste à six, sur un sautoir d'or sur champ noir
4%
Val d'ArrynNeuf mouettes blanches sur champ marron
4%
DorneNoirmont
4%
Terres de l'OuestNone so Fierce / Nul si féroce
4%
Terres de l'orageNo Song So Sweet / Nul chant si doux
4%
Iles de ferOrkmont
4%
Iles de ferOrquebois
4%
BiefOsgris
4%
BiefPeake
4%
Terres de l'oragePenrose
4%
Val d'ArrynPetitesœur
4%
BiefPiéferme
4%
Terres de l'oragePierheaume
4%
Iles de ferPindepierre
4%
ConflansPiper
4%
Terres de la CouronnePointe-vive
4%
Val d'ArrynPortes de la Lune
4%
DornePoulet
4%
Terres de la CouronnePrédeaux
4%
Terres de la CouronnePresqu'île de Claquepince
4%
Terres de la CouronneProud to be Faithful / Fier d'être fidèle
4%
Terres de l'OuestPrünh
4%
DorneQorgyle
4%
NordRighteous in Wrath / Droits dans la colère
4%
Val d'ArrynRougefort
4%
Terres de l'orageRouse Me Not / Ne m'éveillez pas
4%
Val d'ArrynRoyce des Portes de la Lune
4%
Iles de ferSalfalaise
4%
DorneSantagar
4%
Terres de l'OuestSarschamp
4%
Terres de l'orageSéréna
4%
Terres de l'OuestSerrett
4%
Iles de ferShatterstone
4%
Terres de l'orageSo End Our Foes / Ainsi finissent nos ennemis
4%
Terres de la CouronneSolverre
4%
Val d'ArrynSortonne / Dolcesœur
4%
Val d'ArrynSunderland
4%
Val d'ArrynTempleton
4%
Terres de l'OuestTrue to the Mark / Droit sur la cible
4%
BiefTyssier
4%
Val d'ArrynUn château rouge sur champ blanc, une bordure rouge crénelée
4%
BiefUne araignée rouge et blanche sur une toile argentée, sur champ noir
4%
Terres de la CouronneUn espadon bondissant bleu, sur champ blanc fretté d'argent
4%
BiefUne tête de renard roux dans un cercle de fleurs bleues sur champ d'hermine
4%
NordUn géant rugissant, aux cheveux bruns et vêtu de peaux, avec des chaînes brisées d'argent, sur un champ rouge-flamme
4%
NordUn orignac brun aux bois noirs, sur champ tango
4%
Terres de l'orageUn pendu noir sur champ bleu
4%
Val d'ArrynUn semis de moqueurs gris sur champ vert
4%
Terres de l'OuestUn unicorne violet sur champ gris
4%
Terres de l'OuestVerchamps
4%
Terres de la CouronneVerraz
4%
Terres de l'orageVertepierre
4%
ConflansViergétang
4%
Iles de ferVolmark
4%
Val d'ArrynWe Remember / Nous nous souvenons
4%
Val d'ArrynWhen All is Darkest / Quand tout est au plus sombre
4%
ConflansWisdom and Strength / Sagesse et Force
4%
Iles de ferWynch
4%
Terres de l'orageA griffin! A griffin! / Un griffon ! Un griffon !
3%
Terres de l'OuestAntrecombe
3%
Val d'ArrynBorrel
3%
Terres de l'orageBourgfaon
3%
Terres de l'orageBuckler
3%
Terres de la CouronneBuckwell
3%
Terres de l'orageCafferen
3%
Terres de l'orageCap de l'Ire / Bois-la-pluie
3%
Terres de l'orageCastelpluie
3%
Terres de l'OuestChampmoisson
3%
Terres de l'orageChampoquet
3%
ConflansChâteau-Rosières
3%
Terres de la CouronneChelsted
3%
Val d'ArrynChênes-en-fer
3%
NordChevronné de rouille et d'or
3%
BiefCidre
3%
Val d'ArrynCirley
3%
Terres de la CouronneCombebrune
3%
Val d'ArrynCombemèche
3%
Terres de la CouronneCornetruie
3%
Terres de l'OuestCorval
3%
BiefCuy
3%
Terres de la CouronneDanse-des-Pierres
3%
Terres de l'orageDeux cygnes combattants, noir et blanc de l'un à l'autre, becqués et membrés d'or sur champ parti de blanc et de noir
3%
Terres de l'orageDeux faons contre saillant sur champ vert
3%
Terres de l'OuestEstren
3%
Terres de l'orageFelbois
3%
Terres de l'OuestFléaufort
3%
Val d'ArrynForchant
3%
BiefFossovoie pomme-rouge
3%
BiefFossovoie pomme-verte
3%
NordFretté de marron sur champ blanc
3%
ConflansFrom These Beginnings / De ces commencements
3%
DorneGargalen
3%
Terres de l'orageGrandview
3%
Val d'ArrynGrey Glen
3%
Val d'ArrynGuivrebois
3%
Val d'ArrynGull Tower
3%
Terres de la CouronneHardy
3%
BiefHerbeval
3%
Iles de ferHolt de fer
3%
Terres de l'OuestHonor, Not Honors / L'honneur, non les honneurs
3%
BiefHouëtt
3%
Terres de l'OuestKayce
3%
DorneLa Tombe-du-Roy
3%
Iles de ferLes-Arbres-De-Pierre
3%
Terres de l'orageLes Bronzes
3%
Terres de la CouronneLes épois
3%
Terres de la CouronneLes murmures
3%
Terres de l'orageLes Parchemins
3%
DorneLet It Be Written / Que cela soit écrit
3%
Val d'ArrynLight in darkness / La lumière dans les ténèbres
3%
Val d'ArrynLongarc
3%
Val d'ArrynLonhameau
3%
Terres de l'OuestLydden
3%
Terres de l'OuestMontargent
3%
BiefMullendore
3%
Terres de l'orageNid de corbeaux
3%
DorneNo Foe May Pass / Nul ennemi ne passera
3%
BiefOur roots go deep / Nos racines sont profondes
3%
NordParti vert et blanc, une ligne d'arbre entre les deux, trois pommes de pin marrons sur le blanc
3%
Iles de ferPebbleton
3%
BiefPont-l'Amer
3%
Terres de l'OuestPrestre
3%
Terres de la CouronnePride and Purpose / Fierté et But
3%
Terres de l'OuestPuysaigues
3%
Terres de la CouronneRepayre Patybulayre
3%
Terres de la CouronneRepos-des-freux
3%
BiefRougelac
3%
Terres de l'OuestSarwyck
3%
BiefSerry
3%
Terres de l'orageSet Down Our Deeds / Consignez nos faits
3%
Val d'ArrynShett
3%
NordSix chardons verts, 3-2-1, sur champ jaune
3%
Val d'ArrynSix cloches d'argent, 3-2-1, sur champ violet
3%
ConflansSix glands marrons, 3-2-1, sur champ jaune
3%
BiefStellepique
3%
Terres de la CouronneSweetport Sound
3%
Terres de l'orageThe Choice is Yours / Le choix est vôtre
3%
Terres de l'OuestThe Wind Our Steed / Pour monture le vent
3%
Iles de ferThough All Men Do Despise Us / En dépit du mépris que nous voue l'univers
3%
Terres de l'OuestTireless / Inlassable
3%
Val d'ArrynTorrent
3%
Terres de l'OuestTrois tourteaux violets sur champ d'or
3%
NordUn champ bleu semé de vagues blanches, un chef jaune à ligne crêtée chargé d'une paire d'yeux bleus
3%
Iles de ferUne corne de guerre noire bandée d'or sur champ rouge
3%
Terres de la CouronneUne empreinte d'ours, brune sur champ blanc, entourée d'une double trescheur brun
3%
DorneUne étoile filante et une épée croisées sur champ violet pâle
3%
Iles de ferUne faux blanche sur champ noir
3%
Val d'ArrynUne herse noire devant un croissant de lune blanc sur champ violet, bordé de runes sur champ bronze.
3%
DorneUne herse noire sur champ de sable
3%
Iles de ferUne morue d'argent
3%
Terres de la CouronneUne pertuisane d'or ensanglantée sur champ noir bordé d'un échiqueté de noir et d'or
3%
Val d'ArrynUne roue brisée noire sur champ vert
3%
Terres de l'orageUne tortue de mer vert sombre sur champ vert pâle
3%
Val d'ArrynUne tour jaune enflammée sur une pile noire, sur champ rouge flamme
3%
BiefUn lion échiqueté vert et or, sur champ blanc
3%
Terres de l'OuestUn sanglier noir moucheté de blanc sur champ brun
3%
Val d'ArrynUn semis de vis de fer noir sur champ bronze bordé de runes
3%
DorneUn vautour noir tenant un enfant rose dans ses serres, sur champ jaune
3%
DorneWe guard the way / Nous gardons la voie
3%
Terres de l'OuestWyndhall
3%
BiefA Taste of Glory / Un goût de gloire
2%
ConflansAtranta
2%
ConflansBel Accueil
2%
Terres de l'OuestBettley
2%
BiefBeware our Sting / Gardez-vous de notre dard
2%
BiefBouclier du Sud
2%
BiefBouclier Vert
2%
ConflansBrave and Beautiful / Braves et Beaux
2%
Terres de la CouronneBrune de Combebrune
2%
Terres de la CouronneBrune de Repayre Patybulayre
2%
Val d'ArrynCinq flèches d'argent, rouant sur champ marron
2%
Terres de l'orageCoupé au premier d'un croissant de lune argenté sur champ noir, au second d'un champ vert à ligne endentée de conifères
2%
ConflansDarry-le-château
2%
DorneDayne de Haut Hermitage
2%
BiefDe la Nouë
2%
BiefDes papillons oranges et noirs sur champ blanc
2%
Terres de la CouronneDeux ailes noires sur une fasce blanche sur champ échiqueté de noir et de banc
2%
Terres de la CouronneDeux marteaux de guerre noirs entrecroisés sur un sautoir blanc sur champ bleu
2%
Terres de l'orageDeux plumes blanches croisées sur champ fauve
2%
Iles de ferDeux trombes marines entrecroisées, vertes sur champ blanc
2%
Terres de l'OuestDouble trescheur blanc sur champ vert
2%
Terres de l'orageÉcartelé, au premier et quatrième d'un soleil jaune sur champ rose, au deuxième et au troisième d'un croissant blanc sur champ d'azur
2%
Terres de l'orageÉcartelé de six : lèvres rouges semées sur champ jaune et crânes jaunes semés sur champ noir
2%
ConflansÉcartelé : un dragon noir sur champ blanc, deux yeux dorés dans un anneau doré sur champ noir
2%
ConflansÉcartelé : un dragon vert sur champ blanc, une tour blanche sur champ noir
2%
Terres de l'OuestÉchiqueté de violet et de blanc, chargé d'une pièce d'or dans chaque carré
2%
Terres de l'OuestFamily is hope, protect it always / La famille est espoir, la protéger est mon devoir
2%
Terres de la CouronneFretté de bleu sur champ blanc, un chef bleu chargé de trois poissons d'argent
2%
Terres de l'orageGallowsgrey
2%
BiefGrimston / Bouclier Gris
2%
BiefHautesterres
2%
DorneHaut Hermitage
2%
BiefHouëttlord / Bouclier de Chêne
2%
Terres de l'OuestKenning de Kayce
2%
DorneLa Gracedieu
2%
BiefLa Tonnelle
2%
DorneLet me Soar / Laissez-moi prendre mon essor
2%
DorneLe Voi
2%
ConflansLord Herpivoie-Ville
2%
Terres de l'OuestMyatt
2%
BiefNoircouronne
2%
BiefOur sun Shines Bright / Notre soleil brille fort
2%
Val d'ArrynPilé de gris et de noir
2%
Terres de l'OuestQuatre échappées de soleils contre-chargés sur champ écartelé orange et noir
2%
ConflansRacin
2%
Terres de l'OuestSix coquillages blancs sur champ de sable
2%
BiefSolfoyer
2%
Terres de l'orageTrois boucles de ceinture cuivrées sur champ bleu
2%
Val d'ArrynTrois bougies, blanches à flammes rouges, sur des bougeoirs d'argent sur champ gris bordé de noir
2%
Terres de la CouronneTrois chevrons rouges sur champ d'hermine
2%
Val d'ArrynTrois corbeaux noirs en vol, tenant trois cœurs rouges, sur champ blanc
2%
Terres de l'orageTrois épis de blé jaunes sur champ brun
2%
Terres de l'OuestTrois navires d'argent sur champ bleu, une bordure d'écarlate et d'or
2%
Terres de l'OuestTrois poivriers sur bande de safran sur champ palé de vert et de blanc
2%
Terres de l'OuestTrois scarabées bleus sur champ d'or
2%
DorneTrois scorpions noirs sur champ rouge
2%
Val d'Arryntrois têtes de femmes,blanches aux cheveux noirs, sur champ ondé de bleu et de vert
2%
BiefTrois Tours
2%
Terres de la CouronneUn agneau blanc tenant un gobelet d'or sur champ vert
2%
Terres de la CouronneUn anneau de sept étoiles d'or à sept branches sur champ blanc
2%
Terres de l'OuestUn arbre brûlant, orange sur champ de fumée
2%
Iles de ferUn arbre-de-pierre nu, gris sur champ noir
2%
Iles de ferUn banc de poissons argentés sur champ vert pâle
2%
Terres de l'OuestUn blaireau blanc sur champ parti de vert et de marron
2%
Terres de l'OuestUn bœuf rouge sur champ d'hermine
2%
Iles de ferUn braséro noir sur champ de brique grises
2%
BiefUn centaure jaune armé d'un arc sur champ blanc
2%
Terres de l'orageUn champ jaune semé de rossignols noirs
2%
Val d'ArrynUn champ noir semé de serpents verts rampants
2%
DorneUn champ violet semé de citrons jaunes
2%
Terres de l'OuestUn chat sauvage tacheté, jaune et noir sur champ brun
2%
ConflansUn cheval à deux têtes, marron, sur champ ondé de vert et de vert
2%
Terres de l'OuestUn coq de combat bleu sur champ jaune
2%
Terres de l'orageUn corbeau noir en vol sur champ vert orageux
2%
Val d'ArrynUne araignée de mer blanche sur champ gris-vert
2%
Terres de l'OuestUne bande blanche chargée d'une flèche verte sur champ vert
2%
Terres de l'orageUn éclair fourchu violet sur champ noir semé d'étoiles à quatre branches
2%
BiefUne corne d'abondance dorée déversant des pommes, des prunes, des oignons, des poireaux, des radis, et des fruits de toutes les couleurs, sur champ blanc bordé d'or
2%
Terres de l'orageUne cosse de petits pois ouverte, verte sur champ blanc bordé de trois rangées de pois verts
2%
Terres de l'OuestUne épée brisée au pommeau transpercé sur champ écarlate
2%
Iles de ferUne lune saignante sur champ violet
2%
Iles de ferUne main en os, blanche sur champ rouge
2%
Terres de l'OuestUne manticore noire sur champ blanc au chef écarlate chargé de trois pièces d'or
2%
Terres de la CouronneUne masse cloutée et un poignard d'argent croisés sur champ taillé de vert et de blanc
2%
Terres de l'orageUne meule de foin jaune sur champ orange
2%
Terres de la CouronneUne paire d'andouillers d'or sur champ de vair
2%
Terres de l'OuestUne pile d'or inversée sur ciel bleu, un soleil jaune dans le premier quart
2%
Terres de la CouronneUne triple spirale, rouge, verte et bleue sur champ blanc
2%
ConflansUne vierge dansante, rose dans une spirale de soie blanche, sur champ bleu
2%
Val d'ArrynUn faucon doré volant devant une lune blanche, sur champ bleu ciel
2%
Terres de l'OuestUn homme encapuchonné, noir sur gris, entouré d'un trescheur de flammes
2%
ConflansUn laboureur noir sur champ marron
2%
Iles de ferUn léviathan noir sur une mer grise
2%
Terres de l'orageUn lion noir dormant sur champ jaune
2%
Terres de l'orageUn maelstrom bleu-vert sur champ d'or
2%
Terres de l'orageUn navire noir aux voiles frappées d'un oignon, sur champ gris perle
2%
Terres de la CouronneUn pal ondé vert sur champ doré fretté de vert
2%
Terres de l'OuestUn paon rouant sur champ crème
2%
Terres de l'OuestUn sautoir vert entre quatre aigles rouges à deux têtes, sur champ blanc
2%
Iles de ferUn semis de pins vert foncé serrés sur champ jaune
2%
Iles de ferUn serpent à neuf têtes, noir sur champ d'argent
2%
Iles de ferVairé de vert et de noir
2%
ConflansVance d'Atranta
2%
ConflansVance de Bel Accueil
2%
BiefVieux Rouvre
2%
DorneBoisleau
1%
DorneBois-Moucheté
1%
DorneBoycitre
1%
DorneCoupé rayonné de jaune et de cramoisi
1%
BiefÉcartelé : un calice d'argent sur champ noir, une rose noire sur champ jaune
1%
DorneLe Grès
1%
DorneSalrivage
1%
BiefSix tournesols jaunes sur champ bleu
1%
DorneSpectremont
1%
DorneTaillé de bleu et de blanc chargé d'un léopard moucheté armé d'une hache d'or
1%
DorneToland
1%
DorneTouche-au-Ciel
1%
BiefTrois châteaux noirs sur champ orange sombre
1%
BiefTrois feuilles de chêne vertes sur champ d'or
1%
DorneTrois léopards noirs sur une pile jaune, sur champ orange
1%
BiefTrois ruches jaunes chargées sur un pal noir sur champ palé de jaune et de noir
1%
BiefUn arbre doré sur champ argenté
1%
BiefUn chasseur en marche, rouge sur champ vert
1%
DorneUn crâne blanc couronné d'or, sur champ noir
1%
BiefUn crâne de taureau blanc osseux sur champ rouge sang
1%
DorneUn dragon vert mordant sa queue, sur champ doré
1%
BiefUne bordure de fleurs de toutes les couleurs et de tous les genres sur champ vert
1%
DorneUne cocatrix rouge avec un serpent noir dans son bec, sur champ d'or
1%
BiefUn écusson de chêne semé de fer sur champ bandé ondulé de bleu et de blanc
1%
BiefUn écusson de fer chargé de clous argentés sur champ gris-vert jonché de boutres du même
1%
BiefUn écusson jaune chargé d'une main verte, sur un champ du même bordé de rouge rayonné
1%
BiefUn écusson rouge chargé d'une rose blanche, sur champ blanc à bordure crénelée de rouge
1%
DorneUne main dorée sur champ gironné rouge et noir
1%
DorneUne plume dorée sur champ échiqueté de verts clair et foncé
1%
BiefUne tour blanche couronnée de flammes sur champ gris-fumée
1%
BiefUne volée de grues d'or sur champ bleu pâle
1%
DorneUn faucon encapuchonné bleu sur champ argenté
1%
BiefUn pampre sur champ bleu
1%
BiefUn soleil et un chevron, blancs sur champ orange
1%

Distribution des résultats

Percentile par nombre de réponses

% des personnes avec chaque résultat

Votre développement - résultats

Vous n’avez pas pris ce quiz